000 00433nam a2200193Ia 4500
001 13426
003 GE_BSU
008 181216s||||||||xx |||||||||||||| ||und||
040 _cGE_BSU
080 _a82-93
100 _aLofting,Hugh
245 4 _aThe Story of Doctoe Dolittle
260 _aLondon
260 _bPenguin Books
260 _c1967
300 _a155p.ill.17cm.
653 _aThe Story of Doctoe Dolittle
942 _cBK
999 _c46586
_d46586